[Event "SR 4. liga A21 2013/2014"]
[Site "?"]
[Date "2013.11.17"]
[Round "4.1"]
[White "Podjavorinsky, Michal"]
[Black "Lanik, Miroslav"]
[Result "1/2-1/2"]
[WhiteElo "1719"]
[BlackElo "1925"]
[PlyCount "81"]
[EventDate "2013.??.??"]

1. e4 c5 2. d3 d6 3. f4 Nc6 4. Nf3 Nf6 5. g3 e6 6. Bg2 Be7 7. O-O Qc7 8. Nc3 a6
9. Be3 Ng4 10. Bf2 Nxf2 11. Rxf2 Rb8 12. Kh1 O-O 13. d4 cxd4 14. Nxd4 Nxd4 15.
Qxd4 b5 16. Qd2 Bb7 17. Raf1 Rbd8 18. f5 Bf6 19. a3 Qc4 20. fxe6 fxe6 21. Rf4
Be5 22. Rxf8+ Rxf8 23. Rxf8+ Kxf8 24. Qf2+ Bf6 25. Bf1 Bxe4+ 26. Nxe4 Qxe4+ 27.
Bg2 Qd4 28. Qxd4 Bxd4 29. c3 Be3 30. Bb7 Bc1 31. Bxa6 Bxb2 32. Bxb5 Bxa3 33. c4
Ke7 34. Kg2 Kf6 35. Kf3 Bc5 36. h4 h6 37. g4 d5 38. cxd5 exd5 39. h5 Ke5 40.
Ke2 Kf4 41. Bd7 1/2-1/2

[Event "SR 4. liga A21 2013/2014"]
[Site "?"]
[Date "2013.11.17"]
[Round "4.1"]
[White "Kubik, Peter"]
[Black "Miciak, Emanuel"]
[Result "1/2-1/2"]
[WhiteElo "1771"]
[BlackElo "1896"]
[PlyCount "71"]
[EventDate "2013.??.??"]

1. e4 e5 2. Nf3 Nc6 3. Nc3 Nf6 4. Bb5 Be7 5. d4 Nxd4 6. Nxd4 exd4 7. Qxd4 a6 8.
Bc4 b5 9. Bxf7+ Kxf7 10. e5 Bb7 11. exf6 Bxf6 12. Qg4 h5 13. Qh3 h4 14. O-O Re8
15. Be3 d6 16. Rad1 Bxc3 17. bxc3 Re6 18. Rd4 Rg6 19. g3 c5 20. Rxh4 Qe7 21.
Qf5+ Qf6 22. Qh5 Bf3 23. Qh7 Rg4 24. Rxg4 Bxg4 25. Qe4 Bf3 26. Qd3 Re8 27. Bf4
Be4 28. Qxd6 Qxc3 29. Be3 Re5 30. h4 Bf3 31. Qd7+ Kg8 32. Qd6 Rxe3 33. fxe3
Qxe3+ 34. Rf2 Qe1+ 35. Rf1 Qe3+ 36. Rf2 1/2-1/2

[Event "SR 4. liga A21 2013/2014"]
[Site "?"]
[Date "2013.11.17"]
[Round "4.1"]
[White "Podjavorinsky, Peter"]
[Black "Huska, Branislav"]
[Result "0-1"]
[WhiteElo "1707"]
[BlackElo "1575"]
[PlyCount "54"]
[EventDate "2013.??.??"]

1. e4 c5 2. f4 Nc6 3. Nf3 d6 4. d4 cxd4 5. Nxd4 Qb6 6. Nxc6 bxc6 7. Bd3 g6 8.
Qe2 Bg7 9. c3 Nf6 10. Be3 Qc7 11. h3 O-O 12. O-O Rb8 13. Qf2 Nd7 14. Bxa7 Rxb2
15. Qxb2 Qxa7+ 16. Qf2 Nc5 17. f5 Qa4 18. Bc2 Qc4 19. Qh4 gxf5 20. Rf4 e5 21.
Rf3 Nxe4 22. Bxe4 fxe4 23. Rg3 f5 24. Qe7 Qf7 25. Qxd6 f4 26. Rg5 f3 27. Qxe5
f2+ 0-1

[Event "SR 4. liga A21 2013/2014"]
[Site "?"]
[Date "2013.11.17"]
[Round "4.1"]
[White "Barcaj, Jaroslav"]
[Black "Madzo, Anton"]
[Result "1/2-1/2"]
[WhiteElo "1591"]
[BlackElo "1611"]
[PlyCount "84"]
[EventDate "2013.??.??"]

1. e4 e5 2. Nf3 d6 3. c3 Bg4 4. Qb3 Bxf3 5. gxf3 b6 6. Bc4 Qf6 7. Ke2 Nd7 8.
Bd5 Rd8 9. Qa4 a5 10. d4 Ne7 11. Bb3 c6 12. Be3 g6 13. Nd2 Bg7 14. Rhg1 h6 15.
Rg2 O-O 16. Rag1 Kh7 17. Bc2 d5 18. Bd3 Qe6 19. Qc2 exd4 20. cxd4 Rg8 21. h4
Nf8 22. h5 dxe4 23. hxg6+ Nfxg6 24. fxe4 Bxd4 25. Bc4 Qf6 26. Qb3 a4 27. Qb4 b5
28. Bxf7 Bxe3 29. Bxg6+ Rxg6 30. fxe3 Rxg2+ 31. Rxg2 Qd6 32. Qc3 Ng6 33. Rf2
Ne5 34. Qc2 Qg6 35. Qc5 Qg4+ 36. Nf3 Re8 37. Qd6 Nxf3 38. Rxf3 Qg2+ 39. Kd3 Qg6
40. Qxg6+ Kxg6 41. Kd4 Re6 42. e5 h5 1/2-1/2

[Event "SR 4. liga A21 2013/2014"]
[Site "?"]
[Date "2013.11.17"]
[Round "4.1"]
[White "Kosinar, Oto"]
[Black "Dest, Stanislav"]
[Result "1-0"]
[WhiteElo "1000"]
[BlackElo "1437"]
[PlyCount "149"]
[EventDate "2013.??.??"]

1. e4 e5 2. Nf3 d6 3. h3 Nf6 4. Nc3 Nc6 5. Bc4 Be7 6. d3 Bd7 7. a3 O-O 8. Be3
a6 9. d4 exd4 10. Nxd4 Ne5 11. Bd3 Nxd3+ 12. Qxd3 c6 13. Nf3 Qc7 14. Bf4 Qc8
15. e5 dxe5 16. Nxe5 Bf5 17. Qe2 Re8 18. O-O Bc5 19. Qc4 Be7 20. Qxf7+ Kh8 21.
Qa2 Be6 22. b3 Nd5 23. Nxd5 Bxd5 24. Qb2 Bf6 25. Rae1 Qf5 26. Qd4 Rad8 27. c4
Bg8 28. Qe3 Re7 29. Qg3 Rde8 30. Nf3 Rxe1 31. Nxe1 Re4 32. Be3 Bh4 33. Qf3 Qg6
34. Nd3 Re8 35. Qf4 Bf6 36. Nc1 Be5 37. Qf3 Qe6 38. Qh5 Rf8 39. Qe2 Qg6 40. Nd3
Bb8 41. Nc5 Qd6 42. g3 b6 43. Nxa6 Ba7 44. Nb4 Be6 45. Kh2 Qd7 46. Qh5 Rf5 47.
Qe2 Rf6 48. Rd1 Qc8 49. Rd6 Bd7 50. Rxf6 gxf6 51. Qf3 Kg7 52. Qh5 Qd8 53. Qh6+
Kg8 54. Bd4 Qf8 55. Qxf6 Qxf6 56. Bxf6 Kf7 57. Bd4 Ke6 58. Be3 Ke5 59. f3 c5
60. Nd3+ Kf5 61. b4 cxb4 62. axb4 Bc6 63. Kg2 Ba4 64. c5 bxc5 65. bxc5 Bb5 66.
Nb4 Bb8 67. c6 Bd6 68. Nc2 Kg6 69. Nd4 Ba6 70. Bf4 Bc5 71. Ne6 Bb4 72. c7 Kf6
73. Nd8 Kf5 74. Nc6 Bc3 75. Na7 1-0

[Event "SR 4. liga A21 2013/2014"]
[Site "?"]
[Date "2013.11.17"]
[Round "4.2"]
[White "Kovarik, Oto"]
[Black "Orvisky, Vladimir"]
[Result "1-0"]
[WhiteElo "1925"]
[BlackElo "1817"]
[PlyCount "85"]
[EventDate "2013.??.??"]

1. e4 Nf6 2. Nc3 e5 3. Nf3 d6 4. h3 c6 5. d4 exd4 6. Nxd4 Be7 7. a4 a5 8. Bf4
Na6 9. Bxa6 Rxa6 10. O-O O-O 11. Qd2 Qb6 12. Be3 Qc7 13. Rad1 Rd8 14. f4 Bd7
15. g4 h6 16. Qg2 Rf8 17. Rd2 Qb8 18. Qf3 b5 19. g5 hxg5 20. fxg5 Ne8 21. axb5
cxb5 22. Nd5 Bd8 23. g6 Nf6 24. gxf7+ Rxf7 25. Rg2 Qc8 26. Kh2 Be8 27. Bh6 Raa7
28. Qd3 Nxd5 29. exd5 Rxf1 30. Qxf1 Bf6 $4 31. Qxf6 Qc7 32. Ne6 Qf7 33. Qxf7+
Rxf7 34. Rxg7+ Kh8 35. Rxf7 Bxf7 36. Be3 b4 37. Bd2 Bg6 38. c4 bxc3 39. Bxc3+
Kg8 40. Bxa5 Be4 41. Nf4 Kf7 42. Bb4 Ke7 43. Kg3 1-0

[Event "SR 4. liga A21 2013/2014"]
[Site "?"]
[Date "2013.11.17"]
[Round "4.2"]
[White "Krchnak, Rudolf"]
[Black "Cerovsky, Marian"]
[Result "1/2-1/2"]
[WhiteElo "1821"]
[BlackElo "1832"]
[PlyCount "63"]
[EventDate "2013.??.??"]

1. d4 d5 2. Nc3 Nf6 3. Bg5 c6 4. e3 h6 5. Bxf6 exf6 6. Bd3 Bb4 7. Nge2 O-O 8.
a3 Ba5 9. Ng3 Re8 10. O-O Bc7 11. Nf5 Bxf5 12. Bxf5 g6 13. Bd3 f5 14. Qf3 Qh4
15. g3 Qh3 16. Rfe1 h5 17. Bf1 Qg4 18. Qxg4 hxg4 19. Bd3 Nd7 20. Kg2 Kg7 21. h4
gxh3+ 22. Kxh3 Nf6 23. Kg2 Rh8 24. Rh1 a5 25. Rxh8 Rxh8 26. Rh1 Rxh1 27. Kxh1
Ne4 28. Bxe4 fxe4 29. Kg2 Kf6 30. a4 Ke6 31. b3 g5 32. g4 1/2-1/2

[Event "SR 4. liga A21 2013/2014"]
[Site "?"]
[Date "2013.11.17"]
[Round "4.2"]
[White "Damborsky, Pavol"]
[Black "Smrek, Peter"]
[Result "0-1"]
[WhiteElo "1836"]
[BlackElo "1811"]
[PlyCount "78"]
[EventDate "2013.??.??"]

1. e4 e5 2. Nf3 Nf6 3. d3 Nc6 4. Be3 d5 5. exd5 Nxd5 6. Bg5 f6 7. Bd2 Bg4 8.
Be2 Qd7 9. h3 Be6 10. a3 Bc5 11. c4 Nde7 12. Bc3 a5 13. Nbd2 Nf5 14. Ne4 Be7
15. O-O Nfd4 16. Nxd4 Nxd4 17. Bxd4 Qxd4 18. Qc2 f5 19. Nc3 c6 20. Bf3 h5 21.
Qe2 Bf7 22. Rae1 Bf6 23. Qc2 g5 24. Qa4 Kf8 25. Qc2 g4 26. hxg4 hxg4 27. Bd1
Qf4 28. g3 Qh6 29. f4 Qh1+ 30. Kf2 Qh2+ 31. Ke3 Qxg3+ 32. Kd2 Rh2+ 33. Ne2 exf4
34. Qb3 Qe3+ 35. Kc2 f3 36. Qxb7 Rd8 37. Qb3 fxe2 38. Kb1 exf1=Q 39. Rxf1 Rxb2+
0-1

[Event "SR 4. liga A21 2013/2014"]
[Site "?"]
[Date "2013.11.17"]
[Round "4.2"]
[White "Kosiarcik, Maximilian"]
[Black "Dubecky, Ladislav"]
[Result "1-0"]
[WhiteElo "1239"]
[BlackElo "1675"]
[PlyCount "81"]
[EventDate "2013.??.??"]

1. e4 e5 2. Nf3 d6 3. d4 exd4 4. Nxd4 Nf6 5. Nc3 Bg4 6. f3 Bd7 7. Bc4 Nc6 8.
Bg5 Be7 9. Qd2 O-O 10. h4 Ne5 11. Bb3 g6 12. O-O-O a5 13. f4 Neg4 14. f5 Ne5
15. fxg6 hxg6 16. a3 c5 17. Nf3 Bg4 18. Rdf1 b5 19. Nxe5 b4 20. Nxg4 bxc3 21.
Qxc3 Nxg4 22. Rf4 Ne5 23. Bh6 g5 24. Rf5 gxh4 25. Rhf1 Kh7 26. Bxf8 Bxf8 27.
Bxf7 Rb8 28. Rh5+ Bh6+ 29. Kb1 a4 30. Qe3 Nxf7 31. Rxf7+ Kg6 32. Qf3 Rxb2+ 33.
Kxb2 Bg7+ 34. Ka2 Qc8 35. Qf5+ Qxf5 36. Rfxf5 Be5 37. Rxe5 dxe5 38. Rxe5 Kf6
39. Rxc5 Ke6 40. Rd5 Kf6 41. c4 1-0

[Event "SR 4. liga A21 2013/2014"]
[Site "?"]
[Date "2013.11.17"]
[Round "4.3"]
[White "Vepy, Ivan"]
[Black "Pericka, Tomas"]
[Result "1-0"]
[WhiteElo "1926"]
[BlackElo "1994"]
[PlyCount "85"]
[EventDate "2013.??.??"]

1. e4 c5 2. Nc3 Nc6 3. Nf3 g6 4. Be2 Bg7 5. O-O Nf6 6. d3 O-O 7. h3 d5 8. exd5
Nxd5 9. Ne4 b6 10. c3 Bb7 11. Qb3 e6 12. Bg5 Qc7 13. Rad1 h6 14. Bh4 f5 15. Bg3
Nf4 16. Bxf4 Qxf4 17. Nxc5 bxc5 18. Qxb7 Ne5 19. g3 Qa4 20. Nxe5 Bxe5 21. Qb3
Qxb3 22. axb3 Rab8 23. d4 cxd4 24. cxd4 Bf6 25. Bc4 Rfe8 26. Rfe1 Rb6 27. Kg2
Kg7 28. f4 Rd8 29. Bxe6 Rxd4 30. Bc4 Rbd6 31. Ra1 Rd2+ 32. Kf3 Rd7 33. Re6 Bd4
34. g4 fxg4+ 35. hxg4 Bb6 36. Rae1 R2d6 37. Re8 Rc7 38. Rg8+ Kh7 39. Ree8 Rcd7
40. Rh8+ Kg7 41. Reg8+ Kf6 42. Rxh6 Ke7 43. Rh7+ 1-0

[Event "SR 4. liga A21 2013/2014"]
[Site "?"]
[Date "2013.11.17"]
[Round "4.3"]
[White "Skapikova, Lubica"]
[Black "Jarabek, Milan"]
[Result "0-1"]
[WhiteElo "1893"]
[BlackElo "1744"]
[PlyCount "98"]
[EventDate "2013.??.??"]

1. e4 c5 2. Nf3 d6 3. d4 cxd4 4. Nxd4 Nf6 5. Nc3 a6 6. Be2 e6 7. O-O Be7 8. Be3
O-O 9. f4 Nc6 10. Bf3 Bd7 11. Nxc6 Bxc6 12. g4 d5 13. exd5 exd5 14. Ne2 Ne4 15.
Nd4 Bc5 16. c3 Re8 17. Kh1 Nxc3 18. bxc3 Rxe3 19. Qd2 Re8 20. Rae1 Qd7 21. Qg2
Rxe1 22. Rxe1 Re8 23. Rd1 Qe7 24. h3 Qe3 25. Nc2 Qxc3 26. Bxd5 Ba4 27. Rc1 Ba3
28. Rb1 Qxc2 29. Qxc2 Bxc2 30. Rxb7 Be4+ 31. Bxe4 Rxe4 32. Rb8+ Bf8 33. f5 Ra4
34. Kg2 Rxa2+ 35. Kg3 a5 36. g5 a4 37. Ra8 a3 38. h4 Rb2 39. Kf3 Rb3+ 40. Kg4
f6 41. Kh5 fxg5 42. hxg5 Kf7 43. Ra7+ Be7 44. Kg4 Rb1 45. Kf3 h6 46. gxh6 gxh6
47. Ra6 Rb2 48. Ke3 a2 49. Kd3 Rb3+ 0-1

[Event "SR 4. liga A21 2013/2014"]
[Site "?"]
[Date "2013.11.17"]
[Round "4.3"]
[White "Zlamal, Marek"]
[Black "Sadlon, Juraj"]
[Result "0-1"]
[WhiteElo "1638"]
[BlackElo "1801"]
[PlyCount "52"]
[EventDate "2013.??.??"]

1. c4 Nf6 2. Nc3 c5 3. e4 Nc6 4. d3 e6 5. Bg5 Be7 6. Nf3 d5 7. exd5 exd5 8. Be2
d4 9. Bxf6 Bxf6 10. Ne4 Bf5 11. Nfd2 b6 12. O-O O-O 13. Re1 Re8 14. Bf3 Rc8 15.
Nxf6+ Qxf6 16. Qa4 Ne5 17. Bd5 Re7 18. Ne4 Bxe4 19. Bxe4 Rce8 20. Bd5 Kf8 21.
Qc2 Nf3+ 22. gxf3 Rxe1+ 23. Rxe1 Rxe1+ 24. Kg2 Qg5+ 25. Kh3 Rg1 26. f4 Qh5# 0-1

[Event "SR 4. liga A21 2013/2014"]
[Site "?"]
[Date "2013.11.17"]
[Round "4.3"]
[White "Skapik, Branislav"]
[Black "Antalek, Rudolf"]
[Result "1/2-1/2"]
[WhiteElo "1841"]
[BlackElo "1533"]
[PlyCount "132"]
[EventDate "2013.??.??"]

1. e4 e5 2. Nf3 Nc6 3. Bb5 Nf6 4. O-O d6 5. d4 exd4 6. Nxd4 Bd7 7. Nc3 Be7 8.
Nf5 O-O 9. Ne3 Ne5 10. Bxd7 Qxd7 11. f4 Ng6 12. g3 Rfe8 13. Qf3 Qc6 14. Nf5
Rad8 15. Be3 d5 16. Nxe7+ Rxe7 17. e5 Ne4 18. Nxe4 dxe4 19. Qe2 Red7 20. Rad1
Ne7 21. c3 Nf5 22. Rxd7 Rxd7 23. Rd1 a6 24. Rxd7 Qxd7 25. Qd2 Qxd2 26. Bxd2 h5
27. Kf2 f6 28. h3 h4 29. g4 Ng3 30. Be1 fxe5 31. fxe5 Kf7 32. Ke3 Ke6 33. c4 g5
34. Bc3 Kd7 35. b4 Ke6 36. a4 Ke7 37. b5 c6 38. Bb4+ Ke6 39. Bd6 Kf7 40. Kd4
Ke8 41. bxa6 bxa6 42. e6 a5 43. Bc5 Ne2+ 44. Kxe4 Nc3+ 45. Kd3 Nxa4 46. Be3
Nb2+ 47. Kd4 a4 48. Bxg5 Nd1 49. Bxh4 a3 50. Bf6 a2 51. Kc5 Nf2 52. Kxc6 Nxh3
53. Kb5 Nf4 54. Ka4 Nxe6 55. Ka3 Kf7 56. Bc3 Kg6 57. Kxa2 Kg5 58. Kb3 Kxg4 59.
Kb4 Kf4 60. Bd2+ Ke4 61. Kc3 Ke5 62. Be3 Ke4 63. Bg1 Ke5 64. Kb4 Kd6 65. Kb5
Kc7 66. Bh2+ Kb7 1/2-1/2

[Event "SR 4. liga A21 2013/2014"]
[Site "?"]
[Date "2013.11.17"]
[Round "4.3"]
[White "Harasta, Marian"]
[Black "Gavlas, Jakub"]
[Result "1-0"]
[WhiteElo "1619"]
[BlackElo "1381"]
[PlyCount "31"]
[EventDate "2013.??.??"]

1. d4 b6 2. c4 Bb7 3. Nc3 e6 4. e4 Bb4 5. Qc2 Nf6 6. Bd3 d5 7. cxd5 exd5 8. e5
Qe7 9. Nge2 Nfd7 10. O-O c5 11. Re1 f6 12. Bxh7 fxe5 13. Qg6+ Kd8 14. Bg5 Nf6
15. dxe5 Nbd7 16. exf6 1-0

[Event "SR 4. liga A21 2013/2014"]
[Site "?"]
[Date "2013.11.17"]
[Round "4.4"]
[White "Pipiska, Adam"]
[Black "Slaby, Jozef"]
[Result "1-0"]
[WhiteElo "1737"]
[BlackElo "1874"]
[PlyCount "111"]
[EventDate "2013.??.??"]

1. e4 c6 2. d4 d5 3. Nc3 e6 4. e5 c5 5. Nf3 Nc6 6. Bg5 Be7 7. Bxe7 Ngxe7 8.
dxc5 Ng6 9. Bb5 O-O 10. Qe2 Qe7 11. Bxc6 bxc6 12. Qe3 a5 13. O-O a4 14. b4 Ba6
15. Rfc1 Bc4 16. Nd2 Bb5 17. Ne2 Bxe2 18. Qxe2 Nh4 19. Nf3 Nf5 20. a3 h5 21. c4
h4 22. h3 Rfc8 23. Qd2 f6 24. exf6 Qxf6 25. Qg5 Qxg5 26. Nxg5 Nd4 27. Rd1 Nb3
28. Ra2 dxc4 29. Nxe6 Kf7 30. Ng5+ Kg6 31. Nf3 Rd8 32. Rxd8 Rxd8 33. Ne5+ Kf6
34. Nxc4 Rd7 35. Nb6 Ra7 36. Re2 Nd4 37. Rd2 Ke5 38. Nc4+ Kd5 39. Nd6 g6 40. f3
Re7 41. Kf2 Re6 42. f4 Rf6 43. g3 hxg3+ 44. Kxg3 Re6 45. f5 Re3+ 46. Kf4 Rf3+
47. Kg4 Rxa3 48. fxg6 Ra1 49. Nf5 Rg1+ 50. Kh5 Ke4 51. Nxd4 Ke3 52. Ra2 Kxd4
53. Rxa4 Rg3 54. h4 Kc4 55. Ra6 Kxb4 56. Rxc6 1-0

[Event "SR 4. liga A21 2013/2014"]
[Site "?"]
[Date "2013.11.17"]
[Round "4.4"]
[White "Vagovic, Milan"]
[Black "Ocko, Martin"]
[Result "1/2-1/2"]
[WhiteElo "1702"]
[BlackElo "1736"]
[PlyCount "127"]
[EventDate "2013.??.??"]

1. d4 Nf6 2. c4 g6 3. Nf3 Bg7 4. Nc3 O-O 5. e4 d6 6. Be2 Nbd7 7. O-O c5 8. h3
cxd4 9. Nxd4 Nc5 10. Qc2 Nfxe4 11. Nxe4 Bxd4 12. Ng5 Bf5 13. Qd1 Bg7 14. Bg4
Bxg4 15. Qxg4 Nd3 16. Rb1 Nxc1 17. Rfxc1 Qa5 18. Qh4 h6 19. Nf3 Qxa2 20. Qxe7
Bxb2 21. Qe2 Rfc8 22. Qxb2 Qxb2 23. Rxb2 b6 24. Rd2 a5 25. Rxd6 b5 26. c5 b4
27. Rb6 Rab8 28. Rxb8 Rxb8 29. c6 b3 30. Nd2 a4 31. Nb1 Rc8 32. Rc4 Kf8 33. Kf1
Ke7 34. Ke2 Kd6 35. c7 Rxc7 36. Rxc7 Kxc7 37. Kd3 Kb6 38. Kc4 Ka5 39. h4 h5 40.
Na3 f6 41. f4 b2 42. Kc3 Kb6 43. Nc4+ Kc5 44. Nxb2 a3 45. Nd3+ Kd5 46. g3 Ke4
47. Ne1 a2 48. Kb2 Ke3 49. f5 gxf5 50. Nc2+ Kf3 51. Nd4+ Kxg3 52. Nxf5+ Kg4 53.
Ne3+ Kxh4 54. Kxa2 Kg5 55. Kb2 h4 56. Kc2 h3 57. Nf1 Kg4 58. Kd2 Kf3 59. Ke1
Kg2 60. Ke2 f5 61. Ne3+ Kg1 62. Nxf5 h2 63. Ng3 Kg2 64. Nh1 1/2-1/2

[Event "SR 4. liga A21 2013/2014"]
[Site "?"]
[Date "2013.11.17"]
[Round "4.4"]
[White "Diviak, Rudolf"]
[Black "Pripko, Bystrik"]
[Result "0-1"]
[WhiteElo "1797"]
[BlackElo "1721"]
[PlyCount "66"]
[EventDate "2013.??.??"]

1. e4 e5 2. Nf3 Nc6 3. Bb5 a6 4. Ba4 b5 5. Bb3 Bc5 6. O-O Nf6 7. c3 O-O 8. d3
h6 9. Be3 Ba7 10. Bxa7 Rxa7 11. Nbd2 d6 12. h3 Na5 13. Bc2 c5 14. Re1 Be6 15.
Nf1 Nc6 16. Ng3 Ne7 17. d4 cxd4 18. cxd4 Ng6 19. Qe2 Bc4 20. Qe3 Rc7 21. Qd2
Be6 22. Rac1 Qd7 23. d5 Bxh3 24. gxh3 Qxh3 25. Qe2 Rfc8 26. Nf5 Nf4 27. Qf1
Qxf3 28. Re3 Qh5 29. Ng3 Qg4 30. Rc3 Rxc3 31. bxc3 Rxc3 32. Bb3 Rxc1 33. Qxc1
Ne2+ 0-1

[Event "SR 4. liga A21 2013/2014"]
[Site "?"]
[Date "2013.11.17"]
[Round "4.4"]
[White "Piestansky, Jan"]
[Black "Buran, Andrej ml"]
[Result "1/2-1/2"]
[WhiteElo "1658"]
[BlackElo "1392"]
[PlyCount "74"]
[EventDate "2013.??.??"]

1. e4 e5 2. Nf3 Nc6 3. Bc4 Bc5 4. h3 Nf6 5. d3 d6 6. c3 Bd7 7. Bb3 Qe7 8. Be3
Bxe3 9. fxe3 O-O-O 10. Qe2 Be6 11. Ba4 Bd7 12. Nbd2 d5 13. exd5 Nxd5 14. O-O-O
Nxc3 15. bxc3 Qa3+ 16. Kb1 Qxa4 17. Nb3 Be6 18. Qb2 Bxb3 19. axb3 Qa6 20. Kc2
e4 21. Nd4 exd3+ 22. Rxd3 Nxd4+ 23. exd4 Qg6 24. g4 Rhe8 25. Rhd1 Re3 26. c4
Rde8 27. Kc3 Rxd3+ 28. Rxd3 Qg5 29. Qf2 Qc1+ 30. Kb4 a5+ 31. Ka4 Qa1+ 32. Kb5
Qa3 33. Qd2 Re6 34. c5 c6+ 35. Kb6 Qb4+ 36. Qxb4 axb4 37. Ka5 g6 1/2-1/2

[Event "SR 4. liga A21 2013/2014"]
[Site "?"]
[Date "2013.11.17"]
[Round "4.4"]
[White "Trojkova, Michaela"]
[Black "Slaba, Andrea"]
[Result "1-0"]
[WhiteElo "1455"]
[BlackElo "1294"]
[PlyCount "91"]
[EventDate "2013.??.??"]

1. d4 d5 2. c4 e6 3. Nf3 Nf6 4. b3 Bb4+ 5. Bd2 Bxd2+ 6. Nbxd2 O-O 7. e3 Nc6 8.
Be2 Bd7 9. O-O Re8 10. Qc2 Nb4 11. Qc3 Nc6 12. a3 a6 13. Qc2 h6 14. Bd3 b6 15.
Rfe1 dxc4 16. Nxc4 b5 17. Nce5 Nxe5 18. Nxe5 Rc8 19. b4 Qe7 20. Rac1 Qd6 21. f3
Red8 22. Re2 Ne8 23. Be4 f6 24. Nd3 Qb6 25. Rd2 f5 26. Bc6 Bxc6 27. Qxc6 Qxc6
28. Rxc6 Rd6 29. Rdc2 Kf7 30. Ne5+ Ke7 31. Rxd6 Nxd6 32. Rc6 Nc4 33. Nxc4 bxc4
34. Rxc4 Kd6 35. Rc5 Rb8 36. Kf2 Rb5 37. Ke2 Rxc5 38. dxc5+ Kd5 39. Kd3 e5 40.
e4+ fxe4+ 41. fxe4+ Kc6 42. Kc4 g6 43. g4 h5 44. gxh5 gxh5 45. a4 h4 46. h3 1-0

[Event "SR 4. liga A21 2013/2014"]
[Site "?"]
[Date "2013.11.17"]
[Round "4.5"]
[White "Hirmajer, Jan"]
[Black "Kubis, Ivan"]
[Result "1/2-1/2"]
[WhiteElo "1957"]
[BlackElo "1992"]
[PlyCount "130"]
[EventDate "2013.??.??"]

1. c4 e5 2. Nc3 Nf6 3. g3 Bb4 4. Bg2 O-O 5. Nf3 Nc6 6. O-O Re8 7. d3 h6 8. a3
Bxc3 9. bxc3 d6 10. Rb1 Rb8 11. Nd2 Bf5 12. Qa4 Qd7 13. e4 Bh3 14. Nb3 a6 15.
Na1 Qg4 16. Qd1 Qxd1 17. Rxd1 Bxg2 18. Kxg2 b6 19. Nc2 a5 20. a4 Rbd8 21. Ne3
Ne7 22. Nd5 Nfxd5 23. cxd5 f5 24. c4 Rf8 25. f4 exf4 26. Bxf4 g5 27. Bd2 Ng6
28. Bc3 Rde8 29. Re1 Ne5 30. exf5 Nxd3 31. Re6 Rxe6 32. fxe6 Nc5 33. Re1 Nxa4
34. Bd4 Nc5 35. Bxc5 dxc5 36. Kh3 a4 37. Ra1 Ra8 38. Ra3 Kf8 39. Kg4 Kg7 40.
Kf5 Rf8+ 41. Ke4 Ra8 42. Ke5 Kf8 43. Kf6 Ke8 44. e7 Ra6 45. d6 cxd6 46. Ke6 Ra7
47. Kxd6 Rxe7 48. Rxa4 Kf7 49. Ra2 Re4 50. Rc2 Kf6 51. Kc6 Re6+ 52. Kb5 Kf5 53.
h3 Rd6 54. Rf2+ Ke4 55. Rf8 Kd4 56. h4 Ke4 57. hxg5 hxg5 58. g4 Ke3 59. Rf5 Rg6
60. Rf8 Ke4 61. Rb8 Kd4 62. Rd8+ Ke4 63. Rf8 Ke3 64. Rf5 Ke4 65. Rf8 Kd3
1/2-1/2

[Event "SR 4. liga A21 2013/2014"]
[Site "?"]
[Date "2013.11.17"]
[Round "4.5"]
[White "Vogl, Zdenek"]
[Black "Bjel, Lubos"]
[Result "1-0"]
[WhiteElo "1899"]
[BlackElo "1754"]
[PlyCount "69"]
[EventDate "2013.??.??"]

1. e4 e6 2. d4 d5 3. exd5 exd5 4. Nf3 Nf6 5. h3 Bd6 6. Bd3 c6 7. Bg5 h6 8. Bh4
g5 9. Bg3 Bxg3 10. fxg3 Qd6 11. Ne5 Qb4+ 12. c3 Qxb2 13. O-O Nbd7 14. Nxd7 Nxd7
15. Nd2 Qxc3 16. Qe2+ Kd8 17. Nb3 Re8 18. Qf3 f6 19. Rac1 Qb4 20. Bg6 Rg8 21.
Bf5 Qd6 22. Rce1 Kc7 23. Re6 Qf8 24. Re3 Rg7 25. Rfe1 b6 26. g4 Ba6 27. Re6 Bc4
28. Qg3+ Kb7 29. Rd6 Bxb3 30. axb3 Rd8 31. Ree6 Re7 32. Rxc6 Rc8 33. Qd6 Rxc6
34. Qxc6+ Ka6 35. Bd3+ 1-0

[Event "SR 4. liga A21 2013/2014"]
[Site "?"]
[Date "2013.11.17"]
[Round "4.5"]
[White "Lajda, Dusan"]
[Black "Kubik, Peter"]
[Result "0-1"]
[WhiteElo "1863"]
[BlackElo "1824"]
[PlyCount "112"]
[EventDate "2013.??.??"]

1. e4 e5 2. Nf3 Nc6 3. Bc4 Nf6 4. Nc3 Be7 5. d3 d6 6. h3 Be6 7. Bb5 O-O 8. Bxc6
bxc6 9. O-O h6 10. Ne2 c5 11. b3 c6 12. Ng3 Nh7 13. Qe2 Bg5 14. Nxg5 Nxg5 15.
Bxg5 Qxg5 16. Qe3 g6 17. f4 exf4 18. Qxf4 Qxf4 19. Rxf4 a5 20. a4 Kg7 21. Raf1
f6 22. Kf2 Rab8 23. Ke3 d5 24. d4 c4 25. Rb1 cxb3 26. cxb3 dxe4 27. Nxe4 Rxb3+
28. Rxb3 Bxb3 29. Nc5 Bd5 30. g3 Re8+ 31. Kd3 Re1 32. g4 Rh1 33. Nd7 Rxh3+ 34.
Kd2 Rf3 35. Rxf3 Bxf3 36. Nb8 Kf7 37. Kc3 Bd5 38. Nd7 Be6 39. Nb8 Bxg4 40. Nxc6
Bd7 41. Nxa5 Bxa4 42. Nb7 Ke7 43. d5 Bd7 44. Kd4 Bc8 45. Nc5 h5 46. Ne4 h4 47.
Kc5 Bd7 48. Kb6 h3 49. Kc7 h2 50. d6+ Kf7 51. Kxd7 h1=Q 52. Nc5 Qa8 53. Kc7
Qa5+ 54. Kc6 Qxc5+ 55. Kxc5 Ke8 56. Kc6 Kd8 0-1

[Event "SR 4. liga A21 2013/2014"]
[Site "?"]
[Date "2013.11.17"]
[Round "4.5"]
[White "Hrubsa, Marian"]
[Black "Bjel, Jan"]
[Result "0-1"]
[WhiteElo "1801"]
[BlackElo "1859"]
[PlyCount "144"]
[EventDate "2013.??.??"]

1. e4 c5 2. Nf3 Nc6 3. d4 cxd4 4. Nxd4 d6 5. Nc3 g6 6. Be3 Bg7 7. Be2 Nf6 8.
O-O O-O 9. Qd2 Bd7 10. Rad1 a6 11. h3 Qc7 12. f4 Nxd4 13. Bxd4 Bc6 14. Bd3 Nd7
15. Bxg7 Kxg7 16. Qe3 Qb6 17. Qxb6 Nxb6 18. g4 Nd7 19. Kh2 Rac8 20. h4 Nf6 21.
Kg3 h5 22. g5 Nd7 23. Be2 Nc5 24. Bf3 Na4 25. Nxa4 Bxa4 26. b3 Bb5 27. c4 Bc6
28. Rfe1 Rcd8 29. Rd2 Rd7 30. Red1 Rc7 31. e5 dxe5 32. fxe5 Bxf3 33. Kxf3 f6
34. Ke4 fxg5 35. hxg5 e6 36. Rd3 Rf5 37. Rg1 Rc5 38. Rd7+ Kg8 39. Rgd1 Rcxe5+
40. Kd3 b5 41. Kc3 bxc4 42. bxc4 Rf3+ 43. Kb4 Rxg5 44. Ra7 a5+ 45. Ka4 Rf7 46.
Rd8+ Kg7 47. Rxa5 Rxa5+ 48. Kxa5 h4 49. Kb6 h3 50. Rd1 g5 51. c5 h2 52. Rh1 Rf2
53. a4 g4 54. c6 Rc2 55. c7 g3 56. Kb7 Rxc7+ 57. Kxc7 g2 58. Rxh2 g1=Q 59. Rc2
Kf6 60. Kc6 Qd4 61. Kb5 Qd3+ 62. Rc4 e5 63. a5 Ke6 64. Kb4 Kd5 65. Rc8 Qb1+ 66.
Ka4 Qb7 67. Rc2 e4 68. Rd2+ Kc4 69. Rc2+ Kd3 70. Rc5 e3 71. Rb5 Qc6 72. a6
Qxa6+ 0-1

[Event "SR 4. liga A21 2013/2014"]
[Site "?"]
[Date "2013.11.17"]
[Round "4.5"]
[White "Bjel, Tomas"]
[Black "Baumgartner, Milan"]
[Result "1-0"]
[WhiteElo "1674"]
[BlackElo "1508"]
[PlyCount "109"]
[EventDate "2013.??.??"]

1. e4 e5 2. Nf3 Nc6 3. Bc4 Bc5 4. c3 Nf6 5. d3 h6 6. b4 Bb6 7. b5 Na5 8. Nxe5
Nxc4 9. Nxc4 d6 10. Nxb6 axb6 11. O-O Be6 12. f4 Rxa2 13. Rxa2 Bxa2 14. Nd2 Be6
15. f5 Bd7 16. c4 O-O 17. Rf3 c6 18. bxc6 bxc6 19. Rg3 Kh7 20. Ba3 c5 21. Bb2
Rg8 22. Nf3 g6 23. Ng5+ hxg5 24. Rh3+ Kg7 25. Qa1 gxf5 26. Bxf6+ Qxf6 27. Rh7+
Kxh7 28. Qxf6 fxe4 29. Qxf7+ Rg7 30. Qh5+ Kg8 31. dxe4 Bc6 32. Qg4 Bd7 33. Qd1
Rg6 34. Qd5+ Kf8 35. Qb7 Ke7 36. Qxb6 Ke6 37. Qb7 g4 38. Qd5+ Ke7 39. e5 dxe5
40. Qxe5+ Kd8 41. Qxc5 Rc6 42. Qd5 Kc7 43. c5 Be6 44. Qe5+ Kb7 45. Kf2 Ka6 46.
Ke3 Kb7 47. Kd4 Bd7 48. Qh5 Ra6 49. h3 Ra4+ 50. Ke5 gxh3 51. gxh3 Kc6 52. Qh6+
Kb5 53. Kd5 Ra3 54. Qb6+ Ka4 55. Kc4 1-0

[Event "SR 4. liga A21 2013/2014"]
[Site "?"]
[Date "2013.11.17"]
[Round "4.6"]
[White "Gono, Michal"]
[Black "Nemeckay, Rastislav"]
[Result "1/2-1/2"]
[WhiteElo "1941"]
[BlackElo "1986"]
[PlyCount "34"]
[EventDate "2013.??.??"]

1. d4 d5 2. Bf4 Nf6 3. e3 Bf5 4. Bd3 Bxd3 5. Qxd3 c6 6. Nf3 e6 7. Nbd2 Bd6 8.
Bxd6 Qxd6 9. O-O O-O 10. Ne5 Nbd7 11. f4 Ne8 12. c3 f5 13. Ndf3 Nef6 14. Nxd7
Qxd7 15. Ne5 Qe7 16. Qe2 Ne4 17. Rf3 g6 1/2-1/2